<?xml version="1.0" encoding="UTF-8"?><?xml-stylesheet type="text/xsl" href="static/style.xsl"?><OAI-PMH xmlns="http://www.openarchives.org/OAI/2.0/" xmlns:xsi="http://www.w3.org/2001/XMLSchema-instance" xsi:schemaLocation="http://www.openarchives.org/OAI/2.0/ http://www.openarchives.org/OAI/2.0/OAI-PMH.xsd"><responseDate>2026-04-14T04:28:08Z</responseDate><request verb="GetRecord" identifier="oai:www.recercat.cat:10230/25266" metadataPrefix="marc">https://recercat.cat/oai/request</request><GetRecord><record><header><identifier>oai:recercat.cat:10230/25266</identifier><datestamp>2025-12-13T20:56:40Z</datestamp><setSpec>com_2072_6</setSpec><setSpec>col_2072_452954</setSpec></header><metadata><record xmlns="http://www.loc.gov/MARC21/slim" xmlns:dcterms="http://purl.org/dc/terms/" xmlns:xsi="http://www.w3.org/2001/XMLSchema-instance" xmlns:doc="http://www.lyncode.com/xoai" xsi:schemaLocation="http://www.loc.gov/MARC21/slim http://www.loc.gov/standards/marcxml/schema/MARC21slim.xsd">
   <leader>00925njm 22002777a 4500</leader>
   <datafield ind2=" " ind1=" " tag="042">
      <subfield code="a">dc</subfield>
   </datafield>
   <datafield ind2=" " ind1=" " tag="720">
      <subfield code="a">Pons Vázquez, Martí</subfield>
      <subfield code="e">author</subfield>
   </datafield>
   <datafield ind2=" " ind1=" " tag="260">
      <subfield code="c">2015-11-30T15:04:55Z</subfield>
   </datafield>
   <datafield ind2=" " ind1=" " tag="260">
      <subfield code="c">2015-11-30T15:04:55Z</subfield>
   </datafield>
   <datafield ind2=" " ind1=" " tag="260">
      <subfield code="c">2015</subfield>
   </datafield>
   <datafield ind2=" " ind1=" " tag="520">
      <subfield code="a">Treball de fi de grau d&amp;apos;Humanitats. Curs 2015-2016</subfield>
   </datafield>
   <datafield ind2=" " ind1=" " tag="520">
      <subfield code="a">Director: Manel Ollé</subfield>
   </datafield>
   <datafield ind2=" " ind1=" " tag="520">
      <subfield code="a">La transformación de Japón entre la Revolución Meiji y la Segunda Guerra Mundial fue extraordinaria, pues el país que durante el shogunato Tokugawa se caracterizó por su política de aislamiento nacional, ocupando un lugar periférico en la esfera de poder asiática, se convirtió en pocos años en una potencia imperialista. La consecuencia más traumática de esta transformación fue la barbarie desatada por el Ejército Imperial Japonés sobre Asia Oriental durante la Guerra del Pacífico (1937 – 1945), que no debe ni puede entenderse como una contingencia. Este trabajo analiza todos aquellos factores que de un modo u otro incidieron en la naturaleza de los crímenes de guerra cometidos por los nipones. La actuación geopolítica de Japón, las potencias coloniales occidentales y China —por su condición de víctima principal de la agresión japonesa— los años anteriores al conflicto provocó una serie de dinámicas dentro del país que explican el ascenso del ultranacionalismo militarista, la aparición de un fuerte sentimiento anti-chino, y la degeneración del sistema educativo, de la figura del emperador y del Ejército Imperial.</subfield>
   </datafield>
   <datafield tag="653" ind2=" " ind1=" ">
      <subfield code="a">Japó -- Història militar -- S. XX</subfield>
   </datafield>
   <datafield tag="653" ind2=" " ind1=" ">
      <subfield code="a">Guerra Sino-japonesa, 1894-1895</subfield>
   </datafield>
   <datafield tag="653" ind2=" " ind1=" ">
      <subfield code="a">Japó -- Història militar -- S. XIX</subfield>
   </datafield>
   <datafield ind2="0" ind1="0" tag="245">
      <subfield code="a">El camino hacia la barbarie: Historia contemporánea del Imperio del Japón y su relación con las atrocidades en la Guerra del Pacífico</subfield>
   </datafield>
</record></metadata></record></GetRecord></OAI-PMH>